| 000 | 00531nam a2200181 a 4500 | ||
|---|---|---|---|
| 005 | 20240127063546.0 | ||
| 008 | 991125s1971 mx 000 0 spa u | ||
| 035 | _aUPN01000026177 | ||
| 049 | _aCG | ||
| 050 | 4 |
_aHF5437 _bP6.38 |
|
| 100 | 1 | _aPooler, Víctor H. | |
| 245 | 1 | 3 |
_aEl gerente de compras y sus funciones / _cVíctor H. Pooler ; tr. María Antonia Esteve de Baralt. |
| 260 |
_aMéxico : _bLimusa, _c1971. |
||
| 300 |
_a300 p. : _bil. |
||
| 650 | 4 |
_aAGENTES DE COMPRAS _92243 |
|
| 650 | 2 |
_aCompras _99698 |
|
| 905 | _aLibro | ||
| 999 |
_c26177 _d26177 |
||